00396nam a2200121Ia 4500008004000000020001800040082001500058100003200073245009800105260003700203300001100240650002300251210210b2002 xxu||||| |||| 00| 0 eng d a0 75284 619 1 a155.6 PEAW aPEASE (Allan) and BARBARA . aWhy men don't listen and women can't read maps: how we are different and what to do about it. aLondon.bOrion Books Ltd.,c2002 axx,300 aAdult Psychology